000 01279naa a22003017a 4500
001 BR7375433
003 BR-BrBNA
005 20240918173548.0
007 ta
008 230509b bl.||||| |||| 00| 0 por d
040 _aBR-BrBNA
_bpor
_cBiblioteca Nacional de Agricultura
041 _a(Pt)
072 _aE70; E10
_b1100
090 _aE70 BR7375433
100 1 _aClarke, J.G.
111 1 _a3. Seminario sobre Mercadologia
_cCampinas, SP (Brazil)
_d5 Feb 1973
245 1 _aDesenvolvimento de produtos e teste de mercado de frutas tropicais enlatadas para exportacao
260 3 _aCampinas, SP (Brasil):
_c1973.
500 _a3. Seminario sobre mercadologia; mercadologia de produtos alimenticios processados, focalizando o desenvolvimento de novos produtos e o mercado de exportacao Campinas, SP (Brasil): 1973. p. 11-24 (BR7375433-AM)E70
650 _aCOMERCIALIZACAO
650 _aFRUTA TROPICAL
650 _aENLATADO
650 _aMERCADO
650 _aEXPORTACAO
773 0 _t3. Seminario sobre mercadologia; mercadologia de produtos alimenticios processados, focalizando o desenvolvimento de novos produtos e o mercado de exportacao
_wE70 BR7375433
_gCampinas, SP (Brasil), 1973. p. 11-24
909 _a202404
_bLucia
_c55
_dLucia Elande
942 _cAM
_2AGRIS
999 _c305410
_d305410